00505 a2200181 450000100060000002000060000604000220001210000180003424000350005224500300008730000060011736200090012344000230013265000550015594200070021095200890021799900170030654393 a  cAnchieta - Pituba aMaria Lúcia10a2ª Biologia, III unidadelpor10a2ª Biologia, III unidade a60 a2016 1aColégio Anchieta 4aBIOLOGIA, CIÊNICAS DA VIDA (CIÊNCIAS NATURAIS) cBK 00104070a91.1b91.1d2023-11-21l0p3766/PITr2023-11-21 18:22:10w2023-11-21yBK c54393d54393